000 00505nam a2200241Ia 4500
001 071721
003 YMCAF
005 20230512160736.0
008 100717s1995 ||||||||||||||||| ||und|d
020 _a-
024 _a71721
035 _a11184
040 _aYMCAF
_beng
_cIN-KoLT
041 _aeng
100 _aKAPOOR, A M
245 0 _aTEXT BOOK FO SOCIETY ENVIRONMENT AND ENGINEERING
250 _a-
260 _b-
_c1995
300 _a630
653 _a-
653 _a-
942 _2ddc
_cBK
999 _c6164
_d6164